000 00325cam a2200133ua 4500
003 OSt
008 240320b |||||||| |||| 00| 0 eng d
041 _aeng
082 _a621.8076
_bGAT/ME
245 _aGate 2008: Mechanical engineering /
260 _aNew Delhi :
_bG K Publishers ,
_c2008.
300 _a ; .
942 _cBK
999 _c13386
_d13386